| 000 | 00716nam a22002417a 4500 | ||
|---|---|---|---|
| 999 |
_c131974 _d131974 |
||
| 003 | dpl | ||
| 005 | 20190128131154.0 | ||
| 008 | 180611b xxu||||| |||| 00| 0 eng d | ||
| 010 | _aB-011761 | ||
| 020 |
_c00.00 _a8186987657 |
||
| 035 | _aB-011761, B-011773, B-011789 | ||
| 037 | _bCen Lib/Ret | ||
| 040 |
_aDPL _bEN _c0 |
||
| 082 |
_a641.66 _bCHO |
||
| 100 |
_aChoudhary, Ashima _933369 |
||
| 245 |
_aNonveg delights / _cby Ashima Choudhary |
||
| 260 |
_bGyan Sagar Publications _aDelhi _c1999 |
||
| 270 |
_aC-143, Preet Vihar _bDelhi _e110092 |
||
| 300 |
_a125p. : _c19cm(Hb) _bill. |
||
| 650 |
_aCooking --Non veg _933370 |
||
| 650 |
_aNon-veg food _933371 |
||
| 942 |
_2ddc _cEN _h641.66 _mCHO |
||